2023年世界500强中国企业 Fortune 500 Chinese companies in 2023 - Statistics

General Stats
  • This quiz has been taken 190 times
  • The average score is 26 of 140
Answer Stats
Hint Answer % Correct
49 中国银行
83%
68 阿里巴巴集团
83%
147 腾讯控股
83%
32 中国农业银行
81%
5 中国石油天然气集团
80%
111 华为投资控股
80%
6 中国石油化工集团
79%
29 中国建设银行
78%
28 中国工商银行
77%
3 国家电网
67%
360 小米集团
66%
62 中国移动通信集团
60%
132 中国电信集团
60%
267 中国联合网络通信
58%
212 比亚迪
55%
13 中国建筑集团
50%
52 京东集团
50%
168 台积公司
50%
33 中国平安保险集团
47%
131 中国第一汽车集团
45%
83 中国南方电网
44%
86 中国邮政集团
44%
179 招商银行
43%
42 中国海洋石油集团
42%
84 上海汽车集团
42%
54 中国人寿保险集团
41%
39 中国铁路工程集团
40%
74 中国华润
39%
161 交通银行
39%
260 上海浦东发展银行
39%
217 联想集团
38%
165 广州汽车工业集团
37%
100 中国中信集团
36%
292 宁德时代新能源科技
31%
467 美团
31%
419 海尔智家股份
30%
191 中国保利集团
29%
206 碧桂园控股
29%
225 浙江吉利控股集团
28%
182 太平洋保险(上海)
27%
87 中粮集团
26%
44 中国宝武钢铁集团
25%
173 万科
25%
188 东风汽车集团
25%
193 北京汽车集团
25%
27 鸿海精密工业
23%
377 顺丰控股
22%
223 兴业银行
20%
283 鞍钢集团
20%
115 中国远洋海运集团
15%
329 中国民生银行
15%
146 中国兵器工业集团
14%
38 中国中化控股
13%
43 中国铁道建筑集团
12%
63 中国交通建设集团
12%
402 龙湖集团
12%
434 中国中车集团
12%
120 中国人民保险集团
11%
172 山东魏桥创业集团
10%
175 招商局集团
10%
205 绿地控股集团
10%
65 中国五矿集团
9%
76 国家能源投资集团
9%
410 首钢集团
9%
72 山东能源集团
7%
105 中国电力建设集团
7%
123 恒力集团
7%
166 中国铝业集团
7%
171 江西铜业集团
7%
209 中国华能集团
7%
373 紫金矿业集团
7%
396 中国大唐集团
7%
69 厦门建发集团
6%
113 中国医药集团
6%
150 中国航空工业集团
6%
229 河钢集团
6%
431 泰康保险集团
6%
323 中国华电集团
5%
163 晋能控股
4%
262 国家电力投资集团
4%
320 敬业集团
4%
341 中国兵器装备集团
4%
348 江苏沙钢集团
4%
359 山西焦煤集团
4%
381 中国核工业集团
4%
400 中国航天科工集团
4%
440 山东高速集团
4%
464 安徽海螺集团
4%
466 湖南钢铁集团
4%
257 青山控股集团
3%
272 中国船舶集团
3%
88 厦门国贸控股集团
2%
138 物产中大集团
2%
142 厦门象屿集团
2%
169 陕西煤业化工集团
2%
252 中国电子科技集团
2%
256 中国能源建设集团
2%
269 陕西延长石油集团
2%
289 金川集团
2%
356 中国中煤能源集团
2%
363 新希望控股集团
2%
389 蜀道投资集团
2%
395 怡和集团
2%
411 杭州钢铁集团
2%
438 上海医药集团股份
2%
451 上海德龙钢铁集团
2%
453 长江和记实业
2%
479 立讯精密工业股份
2%
136 浙江荣盛控股集团
1%
157 太平洋建设集团
1%
222 盛宏控股集团
1%
247 中国建材集团
1%
279 中国机械工业集团
1%
313 苏商建设集团
1%
333 和硕
1%
351 上海建工集团
1%
368 中国电子信息产业集团
1%
378 台湾中油股份
1%
385 太平洋保险(香港)
1%
391 深圳市投资控股
1%
412 新疆中泰集团
1%
420 仁宝电脑
1%
426 广州医药集团
1%
427 广东省广新控股集团
1%
432 陕西建工控股集团
1%
436 铜陵有色金属集团
1%
463 纬创集团
1%
465 北京建龙重工集团
1%
468 潞安化工集团
1%
476 通威集团
1%
483 中国航空油料集团
1%
493 成都兴城投资集团
1%
495 广西投资集团
1%
500 新疆广汇实业投资集团
1%
244 浙江恒逸集团
0%
310 浙江省交通投资集团
0%
345 广达电脑公司
0%
380 广州市建筑集团
0%
414 广州工业投资
0%
478 新华人寿保险
0%
No matching quizzes found
Score Distribution
Percent of People with Each Score
Percentile by Number Answered
Your Score History
You have not taken this quiz